00738nam a2200181 a 450000100100000000500170001000800410002704000250006810000270009324501180012026000470023830000360028550000630032150000230038450400270040795201050043499900170053900003941820201002031636.0130626s2005 dr ac 000 0 spa d aDO-SdBNPbspacBNPHU1 aVeras, Santiago96561510aHistória y evolución artesanal del poblado "El Higuerito", Moca, Prov. Espaillat, Rep. Dom /cSantiago Veras. aSanto Domingo :bGráfica Willian,c2005. a38 p. :bils., retrs. ;c22 cm. aIncluye datos biográficos del autor en la contracubierta aIncluye apéndice aBibliografía : p. 38 0010718PDaPDbPDcCTd2013-06-26iLF1l0o p39418-10r2020-06-25w2020-06-25yLFPDZNo se presta c38908d38908